Statistics for 92 Most Common H Words In English

Click here to take the quiz!

General Stats

  • This quiz has been taken 66 times
  • The average score is 39 of 92

Answer Stats

H% Correct
he
100%
hear
98%
hi
98%
her
97%
his
93%
hell
88%
him
88%
hat
85%
have
83%
hand
82%
hall
80%
how
78%
hope
77%
hill
75%
hit
75%
home
75%
hole
73%
hot
73%
head
70%
hip
70%
hide
68%
house
68%
hello
67%
hold
67%
heart
65%
heel
65%
high
65%
hard
63%
happy
62%
heat
62%
help
58%
hate
57%
here
57%
hurt
57%
hair
55%
hey
55%
host
55%
hire
50%
hang
47%
height
47%
history
47%
half
43%
horse
43%
happen
42%
holy
42%
honey
42%
heaven
40%
hour
40%
huge
37%
habit
35%
handle
32%
heavy
32%
hearing
30%
hero
30%
human
30%
hunter
28%
health
27%
hundred
25%
healthy
23%
however
23%
honor
22%
hotel
22%
herself
20%
hardly
18%
himself
18%
hospital
18%
hungry
18%
historic
17%
historical
17%
horror
17%
husband
17%
honest
15%
humor
13%
hunting
13%
habitat
12%
holiday
12%
helicopter
10%
helpful
10%
highlight
10%
highway
10%
housing
8%
handful
7%
historian
7%
homeless
7%
household
7%
highly
5%
headquarters
3%
heritage
3%
horizon
3%
headline
2%
heavily
2%
hypothesis
2%

Score Distribution

Percentile by Number Answered

Percent of People with Each Score

Your Score History

You have not taken this quiz